000
00182 a2200085 4500
020
_a
9781594200717
100
_a
KATE ASCHER
245
_a
THE WORKS: ANATOMY OF A CITY
260
_b
PENGUIN
999
_c
13103
_d
13103